000 00329nam a2200121Ia 4500
008 220204s9999 xx 000 0 und d
020 _a0306460769
082 _a001.818
_bGOS
100 _aGosling, Peter J
245 0 _aScientists' guide to poster presentations
260 _aNew York
_bKluwer Academic/Plenum
_c1999
942 _cBK
999 _c41987
_d41987